000 00617nam a2200229Ia 4500
003 OSt
005 20221005123547.0
006 a|||||r|||| 00| 0
007 ta
008 221004b |||||||| |||| 00| 0 eng d
024 _a63453
037 _cTextual
040 _aCRL
_cCRL
_beng
041 _2eng
_aeng
082 _aV25222.N20<-M80, L5
100 _aBayly C. A. Au.
_9633825
245 0 _aLocal roots of Indian politics
_b Allahabad 1880-1920
260 _c1975
650 _aINDIA - HISTORY
942 _hV25222.N20<-M80, L5
_cTEXL
_2cc
999 _c1047777
_d1047777